<?xml version="1.0" encoding="UTF-8"?>
<record
    xmlns:xsi="http://www.w3.org/2001/XMLSchema-instance"
    xsi:schemaLocation="http://www.loc.gov/MARC21/slim http://www.loc.gov/standards/marcxml/schema/MARC21slim.xsd"
    xmlns="http://www.loc.gov/MARC21/slim">

  <leader>01377nam a2200169 a 4500</leader>
  <controlfield tag="001">000010868</controlfield>
  <controlfield tag="005">20200929162317.0</controlfield>
  <controlfield tag="008">091012s1994    dr            001 0 spa d</controlfield>
  <datafield tag="040" ind1=" " ind2=" ">
    <subfield code="a">DO-SdBNP</subfield>
    <subfield code="b">spa</subfield>
    <subfield code="c">BNPHU</subfield>
  </datafield>
  <datafield tag="082" ind1=" " ind2=" ">
    <subfield code="a">xxxx</subfield>
    <subfield code="b">G575c</subfield>
  </datafield>
  <datafield tag="245" ind1="0" ind2="0">
    <subfield code="a">Gobierno compartido :</subfield>
    <subfield code="b">propuestas b&#xE1;sicas 1994-1998 /</subfield>
    <subfield code="c">presentaci&#xF3;n Jos&#xE9; Fco. Pe&#xF1;a G&#xF3;mez.</subfield>
  </datafield>
  <datafield tag="260" ind1=" " ind2=" ">
    <subfield code="a">Santo Domingo :</subfield>
    <subfield code="b">Partido Revolucionario Dominicano</subfield>
    <subfield code="b">De Colores,</subfield>
    <subfield code="c">1994.</subfield>
  </datafield>
  <datafield tag="300" ind1=" " ind2=" ">
    <subfield code="a">137 p. ;</subfield>
    <subfield code="c">27 cm.</subfield>
  </datafield>
  <datafield tag="505" ind1="2" ind2=" ">
    <subfield code="a">Modernizaci&#xF3;n y reforma del estado -- Pol&#xED;tica de relaciones exteriores -- Fuerzas Armadas y Policia Nacional -- Planificaci&#xF3;n y pol&#xED;ticas econ&#xF3;micas -- Pol&#xED;tica de energ&#xED;a -- Pol&#xED;tica de transporte -- Pol&#xED;tica agropecuaria -- Pol&#xED;tica de recursos h&#xED;dricos -- Recurso naturales y medio ambiente -- Pol&#xED;tica industrial -- Pol&#xED;tica minera y petrolera -- Pol&#xED;tica de turismo -- Pol&#xED;ticas sociales -- Pol&#xED;tica cultural -- Pol&#xED;tica cient&#xED;fica y tecnologica -- Pol&#xED;tica de salud y seguridad social -- Pol&#xED;tica de la mujer -- Pol&#xED;tica de juventud -- Pol&#xED;tica de deportes y recreaci&#xF3;n -- Pol&#xED;tica de poblaci&#xF3;n y familia -- Pol&#xED;tica de desarrollo urbano y catastro -- Pol&#xED;tica habitacional -- Pol&#xED;tica de aguas potables y alcantarillado -- Pol&#xED;tica sindical y relaciones laborales -- Pol&#xED;tica de precios y salarios.</subfield>
  </datafield>
  <datafield tag="700" ind1="1" ind2=" ">
    <subfield code="a">Pe&#xF1;a G&#xF3;mez, Jos&#xE9; Fco.</subfield>
    <subfield code="9">26204</subfield>
  </datafield>
  <datafield tag="049" ind1=" " ind2=" ">
    <subfield code="a">BNPD</subfield>
  </datafield>
  <datafield tag="952" ind1=" " ind2=" ">
    <subfield code="0">0</subfield>
    <subfield code="1">0</subfield>
    <subfield code="7">1</subfield>
    <subfield code="8">PD</subfield>
    <subfield code="a">PD</subfield>
    <subfield code="b">PD</subfield>
    <subfield code="c">CT</subfield>
    <subfield code="d">2009-10-12</subfield>
    <subfield code="i">LF1</subfield>
    <subfield code="l">0</subfield>
    <subfield code="o">xxxx G575c</subfield>
    <subfield code="p">10868-10</subfield>
    <subfield code="r">2020-06-25</subfield>
    <subfield code="w">2020-06-25</subfield>
    <subfield code="y">LFPD</subfield>
    <subfield code="Z">No se presta</subfield>
  </datafield>
  <datafield tag="999" ind1=" " ind2=" ">
    <subfield code="c">10617</subfield>
    <subfield code="d">10617</subfield>
  </datafield>
</record>
